Statystyki dla Ajax Amsterdam 2019/2020

Kliknij tutaj aby rozwiązać quiz!

Ogólne statystyki

  • Ten quiz został rozwiązany 131 razy
  • Średni wynik to 10 z 32

Statystyki odpowiedzi

PozycjaImię i Nazwisko% Poprawnych
BramkarzAndre Onana
98%
NapastnikDusan Tadic
83%
NapastnikHakim Ziyech
77%
PomocnikDonny van de Beek
72%
ObrońcaDaley Blind
71%
ObrońcaNicolas Tagliafico
66%
NapastnikDavid Neres
61%
NapastnikKlaas Jan Huntelaar
54%
NapastnikQuincy Promes
44%
PomocnikSiem de Jong
43%
ObrońcaJoel Veltman
42%
ObrońcaLisandro Martinez
34%
ObrońcaNoussair Mazraoui
29%
NapastnikKasper Dolberg
28%
ObrońcaEdson Alvarez
20%
ObrońcaSergino Dest
16%
PomocnikRazvan Marin
13%
BramkarzBruno Varela
12%
NapastnikLassina Traore
12%
ObrońcaPerr Schuurs
12%
PomocnikZakaria Labyad
11%
PomocnikNoa Lang
10%
PomocnikCarel Eiting
7%
NapastnikHassane Bande
6%
PomocnikJurgen Ekkelenkamp
6%
BramkarzDominik Kotarski
5%
BramkarzBenjamin van Leer
4%
ObrońcaKik Pierie
4%
BramkarzKjell Scherpen
4%
ObrońcaLisandro Magallan
4%
PomocnikDani de Wit
3%
ObrońcaRasmus Kristensen
3%

Rozkład punktacji

Percentyl według liczby udzielonych odpowiedzi

Procent ludzi z każdym wynikiem

Twoja historia wyników

Nie rozwiązałeś tego quizu